[Event "Amsterdam Science Park op-B 3rd"]
[Site "Amsterdam"]
[Date "2013.07.13"]
[Round "8"]
[White "Kleeman, David"]
[Black "Scheermeijer, Robert"]
[Result "1/2-1/2"]
[WhiteElo "1966"]
[BlackElo "1919"]
[PlyCount "73"]
[EventDate "2013.07.06"]
[EventType "swiss"]
[EventRounds "9"]
[EventCountry "NED"]
[SourceTitle "CBM 155 Extra"]
[Source "ChessBase"]
[SourceDate "2013.08.26"]
[SourceVersion "1"]
[SourceVersionDate "2013.08.26"]
[SourceQuality "1"]

1. d4 e6 2. Nf3 Nf6 3. e3 Be7 4. Bd3 b6 5. 0-0 c5 6. c4 Bb7 7. Nc3 0-0 8. d5 d6 9. e4 e5 10. g3 Bc8 11. Ne1 Bh3 12. Ng2 h6 13. Qc2 Nbd7 14. Nd1 Nh7 15. f4 Bf6 16. Nf2 Bxg2 17. Kxg2 Be7 18. Ng4 Nhf6 19. Ne3 g6 20. Bd2 Kg7 21. Rf2 Rh8 22. Raf1 Qc7 23. Bc3 Rae8 24. h3 Qd8 25. Rf3 Ref8 26. a3 Rh7 27. b4 Qc7 28. R3f2 Rhh8 29. Qb2 Rhg8 30. g4 exf4 31. Rxf4 Ne5 32. Qe2 Nfd7 33. Bc2 Bg5 34. R4f3 f6 35. R3f2 Bh4 36. Rf4 Bg5 37. R4f2 1/2-1/2

[Event "Amsterdam Science Park op-B 3rd"]
[Site "Amsterdam"]
[Date "2013.07.11"]
[Round "6"]
[White "Kleeman, David"]
[Black "Hummel, Joop"]
[Result "1/2-1/2"]
[WhiteElo "1966"]
[BlackElo "1957"]
[PlyCount "28"]
[EventDate "2013.07.06"]
[EventType "swiss"]
[EventRounds "9"]
[EventCountry "NED"]
[SourceTitle "CBM 155 Extra"]
[Source "ChessBase"]
[SourceDate "2013.08.26"]
[SourceVersion "1"]
[SourceVersionDate "2013.08.26"]
[SourceQuality "1"]

1. d4 Nf6 2. Nf3 e6 3. e3 d5 4. Bd3 c5 5. b3 cxd4 6. exd4 Bd6 7. Bb2 Nc6 8. 0-0 Qc7 9. a3 Ne4 10. c4 0-0 11. Nc3 Nxc3 12. Bxc3 Bd7 13. Bb2 dxc4 14. bxc4 Qa5 1/2-1/2

[Event "Amsterdam Science Park op-B 3rd"]
[Site "Amsterdam"]
[Date "2013.07.10"]
[Round "5"]
[White "Van den Bergh, Jan"]
[Black "Kleeman, David"]
[Result "0-1"]
[WhiteElo "1967"]
[BlackElo "1966"]
[PlyCount "84"]
[EventDate "2013.07.06"]
[EventType "swiss"]
[EventRounds "9"]
[EventCountry "NED"]
[SourceTitle "CBM 155 Extra"]
[Source "ChessBase"]
[SourceDate "2013.08.26"]
[SourceVersion "1"]
[SourceVersionDate "2013.08.26"]
[SourceQuality "1"]

1. d4 Nf6 2. c4 c5 3. d5 b5 4. f3 bxc4 5. e4 d6 6. Bxc4 g6 7. Ne2 Bg7 8. 0-0 0-0 9. Nec3 Nbd7 10. Be3 Nb6 11. Bb5 Rb8 12. Na3 Ne8 13. Qd2 Nc7 14. Bc6 Bd7 15. Bxd7 Qxd7 16. Rab1 Na4 17. Nd1 Nb5 18. Nc4 Nd4 19. b3 e6 20. Bf4 e5 21. Be3 f5 22. Rc1 Nb6 23. Ndb2 h5 24. Nd3 Kh7 25. h3 Rf7 26. Bxd4 exd4 27. Qe2 Re8 28. Nxb6 axb6 29. b4 Bh6 30. bxc5 dxc5 31. Rb1 c4 32. Nf2 b5 33. Qb2 Be3 34. Qxb5 Qxb5 35. Rxb5 fxe4 36. fxe4 Rxe4 37. d6 Ref4 38. Rb2 c3 39. Re2 Rxf2 40. Rfxf2 Rxf2 41. Rxf2 c2 42. d7 c1Q+ 0-1